| Tag |
First Indicator |
Second Indicator |
Subfields |
| LEADER |
00000cam a2200000 a 4500 |
| 001 |
in00001791069 |
| 005 |
20151025182009.0 |
| 008 |
820414s1980 ru b 000 0 ruso |
| 010 |
|
|
|a 81478032
|
| 015 |
|
|
|a USSR80
|
| 020 |
|
|
|c 0.80 lv
|
| 035 |
|
|
|a (OCoLC)ocm08410721
|
| 040 |
|
|
|a DLC
|c DLC
|d OCL
|d OCLCQ
|d TXA
|d UtOrBLW
|
| 041 |
1 |
|
|a rus
|h tuk
|
| 043 |
|
|
|a a-tk---
|
| 049 |
|
|
|a TXAM
|
| 050 |
0 |
0 |
|a PN6519.T8
|b T8 1980
|
| 245 |
0 |
0 |
|a Turkmenskie poslovit︠s︡y i pogovorki :
|b [Sbornik] /
|c Akademii︠a︡ nauk Turkmenskoĭ SSR, Institut i︠a︡zyka i literatury im. Makhtumkuli ; [podgotovka teksta, perevod, vstupit. statʹi︠a︡ i kommentarii B.A. Karryeva].
|
| 250 |
|
|
|a 2-e izd.
|
| 264 |
|
1 |
|a Ashkhabad :
|b Ylym,
|c 1980.
|
| 300 |
|
|
|a 152 pages ;
|c 16 cm.
|
| 336 |
|
|
|a text
|b txt
|2 rdacontent
|
| 337 |
|
|
|a unmediated
|b n
|2 rdamedia
|
| 338 |
|
|
|a volume
|b nc
|2 rdacarrier
|
| 504 |
|
|
|a Includes bibliographical references.
|
| 650 |
|
0 |
|a Proverbs, Turkmen.
|
| 700 |
1 |
|
|a Karryev, Baĭmukhamed Atalievich.
|
| 710 |
2 |
|
|a Magtymguly adyndaky dil ve ėdebii͡at instituty.
|
| 948 |
|
|
|a cataloged
|b h
|c 2003/12/10
|d c
|e tchubaryan
|f 10:18:43 am
|
| 994 |
|
|
|a E0
|b TXA
|
| 999 |
|
|
|a MARS
|
| 999 |
f |
f |
|s 7d7fe4ca-f095-32b9-a27f-57ed29993e0a
|i 619e4891-f4ae-3184-9840-5a847f0fb1cc
|t 0
|
| 952 |
f |
f |
|p ric
|a Texas A&M University
|b Rellis Campus
|c Joint Library Facility
|d Remote Storage
|t 0
|e PN6519.T8 T8 1980
|h Library of Congress classification
|i unmediated -- volume
|m A14830783986
|
| 998 |
f |
f |
|a PN6519.T8 T8 1980
|t 0
|l Remote Storage
|